[Event "Rio Claro IRT 2nd"]
[Site "Rio Claro"]
[Date "2015.09.06"]
[Round "5.2"]
[White "Brienza, Amalio Coelho"]
[Black "Nolasco de Moraes, Vitor"]
[Result "0-1"]
[WhiteElo "1935"]
[BlackElo "1921"]
[PlyCount "100"]
[EventDate "2015.09.05"]
[EventType "swiss"]
[EventRounds "5"]
[EventCountry "BRA"]
[SourceTitle "EXT 2022"]
[Source "ChessBase"]
[SourceDate "2021.10.06"]
[SourceVersion "1"]
[SourceVersionDate "2021.10.06"]
[SourceQuality "1"]

1. d4 Nf6 2. c4 g6 3. Nc3 d5 4. cxd5 Nxd5 5. e4 Nxc3 6. bxc3 Bg7 7. Bc4 0-0 8. Ne2 c5 9. Be3 Qa5 10. 0-0 Nd7 11. Qd2 Rd8 12. Rfd1 Nb6 13. Bb3 c4 14. Bc2 Bd7 15. Bg5 Re8 16. h3 Ba4 17. Bf4 e5 18. dxe5 Bxc2 19. Qxc2 Bxe5 20. Bxe5 Qxe5 21. Rd4 Rad8 22. Rad1 Rxd4 23. Rxd4 Qg5 24. Ng3 Kg7 25. Nf1 Rc8 26. Ne3 Qa5 27. Qd2 h5 28. Rd6 Qe5 29. Rd4 Qb5 30. Kf1 Qe5 31. Ke2 Rc7 32. f3 Rc6 33. Rd8 Na4 34. Nd1 Nc5 35. Rd5 Qe7 36. Qd4+ Kh7 37. Qxc4 Ne6 38. Qb5 Nf4+ 39. Kf2 Nxd5 40. Qxd5 Qc5+ 41. Qxc5 Rxc5 42. Ke3 Ra5 43. Kd4 Rxa2 44. Ne3 h4 45. f4 a5 46. Nc4 a4 47. Na5 b6 48. Nc6 Rxg2 49. Kc4 a3 50. Nb4 Rb2 0-1

[Event "Batatais op 2nd"]
[Site "Batatais"]
[Date "2015.01.18"]
[Round "4"]
[White "Nolasco de Moraes, Vitor"]
[Black "Haddad Filho, Paulo Ibrahim"]
[Result "1-0"]
[WhiteElo "1911"]
[BlackElo "1923"]
[PlyCount "97"]
[EventDate "2015.01.17"]
[EventType "swiss"]
[EventRounds "5"]
[EventCountry "BRA"]
[SourceTitle "CBM 164 Extra"]
[Source "ChessBase"]
[SourceDate "2015.03.02"]
[SourceVersion "1"]
[SourceVersionDate "2015.03.02"]
[SourceQuality "1"]

1. e4 e5 2. Nf3 Nc6 3. Bb5 a6 4. Ba4 Nf6 5. d3 b5 6. Bb3 Be7 7. 0-0 d6 8. a4 Bg4 9. c3 Na5 10. Bc2 c5 11. axb5 axb5 12. Bg5 0-0 13. Nbd2 h6 14. Be3 d5 15. exd5 Nxd5 16. h3 Bxf3 17. Nxf3 Qc7 18. Bd2 Bf6 19. Nh2 Nf4 20. Ng4 Bg5 21. Bxf4 Bxf4 22. g3 Bg5 23. Re1 Nc6 24. h4 Rxa1 25. Qxa1 h5 26. hxg5 hxg4 27. Qd1 Qd7 28. Re4 g6 29. Rxg4 Kg7 30. Rh4 Ne7 31. Qe2 Qf5 32. Qe3 Rh8 33. Rxh8 Kxh8 34. Bb3 Kg7 35. Kg2 e4 36. dxe4 Qe5 37. Bd1 Qd6 38. Bg4 Nc6 39. b3 Ne5 40. Be2 b4 41. cxb4 cxb4 42. f4 Nc6 43. Bc4 Qd1 44. Qd3 Qxd3 45. Bxd3 Kf8 46. Kf2 Ke7 47. Ke3 Na5 48. Bc4 Nxc4+ 49. bxc4 1-0

[Event "Curitiba CC 76 Anniversary"]
[Site "Curitiba"]
[Date "2014.02.02"]
[Round "6"]
[White "Nolasco de Moraes, Vitor"]
[Black "Dias, Anderson Tatsch"]
[Result "0-1"]
[WhiteElo "1905"]
[BlackElo "2222"]
[PlyCount "72"]
[EventDate "2014.01.31"]
[EventType "swiss"]
[EventRounds "6"]
[EventCountry "BRA"]
[SourceTitle "CBM 158 Extra"]
[Source "ChessBase"]
[SourceDate "2014.02.28"]
[SourceVersion "1"]
[SourceVersionDate "2014.02.28"]
[SourceQuality "1"]

1. e4 c5 2. Nf3 e6 3. d4 cxd4 4. Nxd4 Qb6 5. Nb3 Qc7 6. Be3 Nf6 7. N1d2 Be7 8. f4 d6 9. Bd3 b6 10. 0-0 Bb7 11. f5 exf5 12. Rxf5 0-0 13. Bg5 Nbd7 14. c3 Rae8 15. Qf1 Ne5 16. Bc2 Nfg4 17. Re1 Bxg5 18. Rxg5 h6 19. Rh5 Qd8 20. Nd4 Bc8 21. Rh3 Qg5 22. Rg3 Qxd2 23. Re2 Qg5 24. h3 Ba6 25. hxg4 Bxe2 26. Qxe2 h5 27. Nf5 Nxg4 28. Ne3 Qe5 29. Rh3 Nxe3 30. Rxe3 d5 31. Rh3 g6 32. Kh1 dxe4 33. g4 Kg7 34. Bb3 hxg4 35. Re3 Rh8+ 36. Kg1 Rh3 0-1

[Event "Cordeiropolis op 3rd"]
[Site "Cordeiropolis"]
[Date "2013.09.01"]
[Round "5"]
[White "Nolasco de Moraes, Vitor"]
[Black "Garkauskas, Otto Dmitry"]
[Result "1/2-1/2"]
[WhiteElo "1911"]
[BlackElo "2089"]
[PlyCount "89"]
[EventDate "2013.08.30"]
[EventType "swiss"]
[EventRounds "6"]
[EventCountry "BRA"]
[SourceTitle "CBM 156 Extra"]
[Source "ChessBase"]
[SourceDate "2013.10.22"]
[SourceVersion "1"]
[SourceVersionDate "2013.10.22"]
[SourceQuality "1"]

1. e4 c5 2. Nf3 Nc6 3. d4 cxd4 4. Nxd4 Nf6 5. Nc3 e5 6. Ndb5 d6 7. Bg5 a6 8. Na3 b5 9. Nd5 Be7 10. Bxf6 Bxf6 11. c4 b4 12. Nc2 a5 13. g3 Bg5 14. Bg2 0-0 15. 0-0 Ne7 16. Nce3 Bxe3 17. Nxe3 Nc6 18. Qd5 Ra6 19. Qd3 Nd4 20. Nc2 Nxc2 21. Qxc2 Qb6 22. Rfd1 Be6 23. Rd3 a4 24. Rad1 Qc5 25. b3 Rfa8 26. Qc1 f6 27. Qe3 axb3 28. axb3 Qxe3 29. fxe3 Rd8 30. c5 Kf7 31. cxd6 Rd7 32. Bf1 Ra3 33. Rb1 g6 34. Rb2 f5 35. Bg2 Bc4 36. Rdd2 Bxb3 37. Kf2 Be6 38. Rxb4 Ra6 39. exf5 gxf5 40. e4 Raxd6 41. Rxd6 Rxd6 42. Bh3 fxe4 43. Bxe6+ Kxe6 44. Rxe4 Rd2+ 45. Kg1 1/2-1/2

[Event "Cordeiropolis op 3rd"]
[Site "Cordeiropolis"]
[Date "2013.08.31"]
[Round "4"]
[White "De Godoy, Jurandir Dias"]
[Black "Nolasco de Moraes, Vitor"]
[Result "0-1"]
[WhiteElo "1902"]
[BlackElo "1911"]
[PlyCount "87"]
[EventDate "2013.08.30"]
[EventType "swiss"]
[EventRounds "6"]
[EventCountry "BRA"]
[SourceTitle "CBM 156 Extra"]
[Source "ChessBase"]
[SourceDate "2013.10.22"]
[SourceVersion "1"]
[SourceVersionDate "2013.10.22"]
[SourceQuality "1"]

1. c4 e6 2. Nf3 Nf6 3. d4 d5 4. Nc3 Be7 5. Bf4 0-0 6. c5 c6 7. h3 b6 8. b4 bxc5 9. bxc5 Qa5 10. Bd2 Qc7 11. e3 Nbd7 12. Bd3 e5 13. Bc2 Ba6 14. Ng1 Rfe8 15. Nge2 exd4 16. exd4 Bxc5 17. dxc5 d4 18. 0-0 dxc3 19. Be3 Rad8 20. Re1 Nxc5 21. Qb1 Rb8 22. Qc1 Bxe2 23. Bxc5 Bc4 24. Rxe8+ Rxe8 25. Bd4 Nd5 26. Qg5 g6 27. Qh6 f6 28. Bxg6 Re7 29. Bc2 Qf4 30. Qxf4 Nxf4 31. Bxf6 Re2 32. Bb3 Bxb3 33. axb3 c2 34. Bg5 Nd3 35. Rxa7 Re1+ 36. Kh2 c1Q 37. Bxc1 Rxc1 38. Kg3 Rc3 39. Ra8+ Kg7 40. f4 Ne1+ 41. Kg4 Nxg2 42. Rc8 Ne3+ 43. Kg5 Rc5+ 44. Kh4 0-1

[Event "Maringa op 3rd"]
[Site "Maringa"]
[Date "2013.07.27"]
[Round "6"]
[White "Souza Neves, Andrey Marcelo"]
[Black "Nolasco de Moraes, Vitor"]
[Result "1-0"]
[WhiteElo "2172"]
[BlackElo "1911"]
[PlyCount "99"]
[EventDate "2013.07.24"]
[EventType "swiss"]
[EventRounds "8"]
[EventCountry "BRA"]
[SourceTitle "CBM 155 Extra"]
[Source "ChessBase"]
[SourceDate "2013.08.26"]
[SourceVersion "1"]
[SourceVersionDate "2013.08.26"]
[SourceQuality "1"]

1. d4 Nf6 2. Nf3 d5 3. e3 e6 4. Bd3 Be7 5. Nbd2 0-0 6. Ne5 c5 7. c3 Nc6 8. f4 Bd7 9. 0-0 Ne8 10. Qh5 f5 11. Qh3 Nf6 12. Be2 Nxe5 13. fxe5 Ne4 14. Nxe4 dxe4 15. Bd2 b5 16. Kh1 Qb6 17. g4 Rad8 18. d5 fxg4 19. Bxg4 h5 20. Qxh5 exd5 21. Rg1 Be8 22. Qh3 Qh6 23. Be1 Bg5 24. Qxh6 gxh6 25. Rd1 Kh7 26. h3 Bxe3 27. Bh4 Bg5 28. Bxg5 hxg5 29. e6 Rd6 30. Rgf1 Rf4 31. Bf5+ Bg6 32. e7 Rxf5 33. Rxf5 Re6 34. Rfxd5 e3 35. Rd7 Kh6 36. Re1 e2 37. Kg1 Bh5 38. Rxa7 Re3 39. Kf2 Re4 40. Rc7 Re5 41. b4 c4 42. Rc5 Rxe7 43. Rxb5 Rf7+ 44. Kg1 Rd7 45. a4 Rd3 46. a5 Rxc3 47. a6 Ra3 48. Ra5 Rg3+ 49. Kf2 Rxh3 50. a7 1-0

[Event "Americana Region-ch 4th"]
[Site "Americana"]
[Date "2013.01.27"]
[Round "6.4"]
[White "Nolasco de Moraes, Vitor"]
[Black "Pastana, Rafael Pedroni"]
[Result "1-0"]
[WhiteElo "1921"]
[BlackElo "1745"]
[PlyCount "77"]
[EventDate "2013.01.25"]
[EventType "swiss"]
[EventRounds "6"]
[EventCountry "BRA"]
[SourceTitle "EXT 2022"]
[Source "ChessBase"]
[SourceDate "2021.10.06"]
[SourceVersion "1"]
[SourceVersionDate "2021.10.06"]
[SourceQuality "1"]

1. e4 c5 2. Nf3 d6 3. d4 cxd4 4. Nxd4 Nf6 5. Nc3 a6 6. Be2 e6 7. 0-0 Be7 8. Kh1 0-0 9. Be3 Nbd7 10. a4 Qc7 11. a5 Nc5 12. Bf3 e5 13. Nde2 Be6 14. Na4 Nxa4 15. Rxa4 Qc6 16. Nc3 Rac8 17. Ra1 Nd7 18. Qd2 Nc5 19. Rfd1 Qc7 20. Nd5 Bxd5 21. Qxd5 Qc6 22. c3 Qxd5 23. Rxd5 Ne6 24. g3 h6 25. Kg1 Ng5 26. Bg2 Rc4 27. f3 Nh7 28. Bf1 Rc6 29. c4 Nf6 30. Rd2 Nd7 31. b4 f5 32. exf5 Rxf5 33. Bh3 Rxf3 34. Bxd7 Rxe3 35. Bxc6 bxc6 36. Raa2 Rc3 37. Rdc2 Rd3 38. b5 cxb5 39. cxb5 1-0

[Event "Rio Clao IRT Interior op"]
[Site "Rio Claro"]
[Date "2012.11.04"]
[Round "6"]
[White "Nolasco de Moraes, Vitor"]
[Black "Leal, Paulo Donizete"]
[Result "1-0"]
[WhiteElo "1915"]
[BlackElo "1852"]
[PlyCount "46"]
[EventDate "2012.11.02"]
[EventType "swiss"]
[EventRounds "6"]
[EventCountry "BRA"]
[SourceTitle "CBM 151 Extra"]
[Source "ChessBase"]
[SourceDate "2012.12.18"]
[SourceVersion "1"]
[SourceVersionDate "2012.12.18"]
[SourceQuality "1"]

1. e4 e5 2. Nf3 Nf6 3. Nc3 Bc5 4. Bc4 d6 5. h3 0-0 6. 0-0 Be6 7. Bb3 Nc6 8. d3 Bxb3 9. axb3 a6 10. Bg5 Qd7 11. Bxf6 gxf6 12. Nd5 Qd8 13. Nh4 Kh8 14. c3 f5 15. Nxf5 Rg8 16. Nh6 Rg7 17. Qf3 Qe7 18. Qf6 Qe6 19. Ng4 Nd8 20. Nxc7 Qxf6 21. Nxf6 Rc8 22. Ncd5 Ne6 23. b4 Ba7 1-0

[Event "Pan American-ch U20"]
[Site "Sao Paulo"]
[Date "2012.07.01"]
[Round "4"]
[White "Nolasco de Moraes, Vitor"]
[Black "Mandetta, Joao Danilo"]
[Result "0-1"]
[WhiteElo "1914"]
[BlackElo "2132"]
[PlyCount "86"]
[EventDate "2012.06.29"]
[EventType "swiss"]
[EventRounds "9"]
[EventCountry "BRA"]
[SourceTitle "CBM 149 Extra"]
[Source "ChessBase"]
[SourceDate "2012.08.24"]
[SourceVersion "1"]
[SourceVersionDate "2012.08.24"]
[SourceQuality "1"]

1. e4 c5 2. Nf3 e6 3. d4 cxd4 4. Nxd4 Nf6 5. Nc3 d6 6. Bc4 Nc6 7. Bb3 Be7 8. Be3 a6 9. 0-0 0-0 10. f4 Nxd4 11. Bxd4 b5 12. a3 Bb7 13. Qd3 Qc7 14. f5 e5 15. Be3 h6 16. h3 Bc6 17. Rfd1 Rac8 18. Rac1 Qb7 19. Bd5 Bxd5 20. Nxd5 Nxd5 21. exd5 Bf6 22. b3 e4 23. Qd2 Bc3 24. Qf2 Rfe8 25. Bf4 Rc5 26. Bxd6 Rxd5 27. Bc5 Ree5 28. b4 Qd7 29. Qe2 Bd2 30. Rb1 Rxf5 31. Kh1 Rfe5 32. Rf1 f5 33. Be3 Bxe3 34. Qxe3 g5 35. g3 Rd2 36. Rf2 Rxf2 37. Qxf2 f4 38. g4 e3 39. Qg1 Qd5+ 40. Kh2 Qd2+ 41. Qg2 f3 42. Qxd2 exd2 43. Rd1 Re1 0-1

[Event "Pan American-ch U20"]
[Site "Sao Paulo"]
[Date "2012.06.30"]
[Round "3"]
[White "Olivares Olivares, Claudio"]
[Black "Nolasco de Moraes, Vitor"]
[Result "1/2-1/2"]
[WhiteElo "2277"]
[BlackElo "1914"]
[PlyCount "72"]
[EventDate "2012.06.29"]
[EventType "swiss"]
[EventRounds "9"]
[EventCountry "BRA"]
[SourceTitle "CBM 149 Extra"]
[Source "ChessBase"]
[SourceDate "2012.08.24"]
[SourceVersion "1"]
[SourceVersionDate "2012.08.24"]
[SourceQuality "1"]

1. e4 c6 2. d4 d5 3. Nc3 dxe4 4. Nxe4 Bf5 5. Ng3 Bg6 6. Bc4 Nf6 7. N1e2 e6 8. Nf4 Nd5 9. Nxg6 hxg6 10. Qf3 Nd7 11. Bd2 N7f6 12. Bb3 Be7 13. 0-0-0 a5 14. c3 Qc7 15. h4 a4 16. Bc2 a3 17. b3 0-0-0 18. h5 gxh5 19. Nxh5 Nxh5 20. Rxh5 Rxh5 21. Qxh5 Bf6 22. c4 Nf4 23. Qc5 Bxd4 24. Qxa3 Be5 25. Qa8+ Qb8 26. Qxb8+ Bxb8 27. g3 Nd3+ 28. Bxd3 Rxd3 29. Kc2 Rf3 30. Be3 Bxg3 31. Rf1 Bf4 32. Bb6 g5 33. a4 Bc7 34. Be3 Bf4 35. Bb6 Bc7 36. Be3 Bf4 1/2-1/2

[Event "BRA-ch U18"]
[Site "Foz do Iguacu"]
[Date "2011.06.11"]
[Round "4.4"]
[White "Silva, Lucas Henrique Da"]
[Black "Nolasco de Moraes, Vitor"]
[Result "1-0"]
[WhiteElo "2020"]
[BlackElo "1927"]
[PlyCount "103"]
[EventDate "2011.06.10"]
[EventType "swiss"]
[EventRounds "6"]
[EventCountry "BRA"]
[SourceTitle "EXT 2022"]
[Source "ChessBase"]
[SourceDate "2021.10.06"]
[SourceVersion "1"]
[SourceVersionDate "2021.10.06"]
[SourceQuality "1"]

1. d4 Nf6 2. Nf3 g6 3. Nbd2 d5 4. g3 Bg7 5. Bg2 0-0 6. 0-0 Re8 7. Re1 Nc6 8. c4 e6 9. b3 b6 10. Bb2 Bb7 11. Qc2 Rc8 12. a3 Ne7 13. Ne5 Nd7 14. Nxd7 Qxd7 15. e4 c5 16. exd5 exd5 17. dxc5 Rxc5 18. Bxg7 Kxg7 19. Qb2+ f6 20. b4 Rcc8 21. Rad1 Qf5 22. cxd5 Bxd5 23. Ne4 Bxe4 24. Bxe4 Qb5 25. Bd3 Qa4 26. Be4 Qb5 27. Rd6 Ng8 28. Qd2 Re7 29. Bd3 Rxe1+ 30. Qxe1 Qe8 31. Re6 Qd7 32. Qe4 Rd8 33. Bc4 Qd4 34. Qc6 Qd7 35. Qe4 Qd4 36. Qb7+ Qd7 37. Qf3 Re8 38. Rxe8 Qxe8 39. Qd5 Qe1+ 40. Kg2 Qe8 41. h3 Kh8 42. g4 Kg7 43. Kf3 Qf8 44. Qxg8+ Qxg8 45. Bxg8 Kxg8 46. Ke4 Kf7 47. Kd5 h6 48. f4 h5 49. f5 gxf5 50. gxf5 h4 51. b5 Ke7 52. Kc6 1-0

[Event "BRA-ch U18"]
[Site "Catanduva"]
[Date "2010.06.03"]
[Round "2.4"]
[White "Nolasco de Moraes, Vitor"]
[Black "Barbosa, Fernando"]
[Result "0-1"]
[WhiteElo "1930"]
[BlackElo "2078"]
[PlyCount "54"]
[EventDate "2010.06.03"]
[EventType "swiss"]
[EventRounds "7"]
[EventCountry "BRA"]
[SourceTitle "EXT 2022"]
[Source "ChessBase"]
[SourceDate "2021.10.06"]
[SourceVersion "1"]
[SourceVersionDate "2021.10.06"]
[SourceQuality "1"]

1. e4 e6 2. d4 d5 3. Nc3 Bb4 4. e5 c5 5. Qg4 Ne7 6. Qxg7 Rg8 7. Qxh7 cxd4 8. a3 Qa5 9. axb4 Qxa1 10. Nce2 Nbc6 11. Nf3 Bd7 12. c3 Rc8 13. Qd3 Nf5 14. g4 Rxg4 15. Bh3 dxc3 16. bxc3 Rg6 17. Bxf5 exf5 18. Qd2 d4 19. Nfxd4 Nxd4 20. Qxd4 Bc6 21. Rf1 Rd8 22. Qe3 Bb5 23. f3 Bxe2 24. Kxe2 Rg2+ 25. Rf2 Qa2+ 26. Ke1 Rxf2 27. Qxf2 Rd1+ 0-1

[Event "Campinas Labegalini Memoria 16th"]
[Site "Campinas"]
[Date "2009.09.04"]
[Round "7"]
[White "Goncalves, Marcus Vinicius M"]
[Black "Nolasco de Moraes, Vitor"]
[Result "1/2-1/2"]
[WhiteElo "1865"]
[BlackElo "1900"]
[PlyCount "66"]
[EventDate "2009.08.07"]
[EventType "tourn"]
[EventRounds "11"]
[EventCountry "BRA"]
[SourceTitle "EXT 2022"]
[Source "ChessBase"]
[SourceDate "2021.10.06"]
[SourceVersion "1"]
[SourceVersionDate "2021.10.06"]
[SourceQuality "1"]

1. d4 Nf6 2. Nf3 e6 3. c4 c5 4. d5 exd5 5. cxd5 d6 6. Nc3 g6 7. e4 Bg7 8. Bb5+ Nfd7 9. Bf4 Qc7 10. 0-0 0-0 11. Re1 a6 12. Ba4 b5 13. Bxb5 axb5 14. Nxb5 Qa5 15. Nxd6 Bxb2 16. Nc4 Qb4 17. Nxb2 Qxb2 18. Bh6 Re8 19. Re2 Qb6 20. e5 Nf8 21. Rb1 Qc7 22. d6 Qd7 23. Ng5 Bb7 24. Qb3 Bc6 25. Bxf8 Rxf8 26. e6 fxe6 27. Nxe6 Qf7 28. Nxf8 Qxb3 29. Rxb3 Kxf8 30. f4 Nd7 31. Rc3 Bd5 32. Re7 Bc6 33. a3 Ra4 1/2-1/2

[Event "Campinas Labegalini Memoria 16th"]
[Site "Campinas"]
[Date "2009.08.09"]
[Round "5"]
[White "Menezes Se, Daniel"]
[Black "Nolasco de Moraes, Vitor"]
[Result "0-1"]
[WhiteElo "1588"]
[BlackElo "1900"]
[PlyCount "86"]
[EventDate "2009.08.07"]
[EventType "tourn"]
[EventRounds "11"]
[EventCountry "BRA"]
[SourceTitle "EXT 2022"]
[Source "ChessBase"]
[SourceDate "2021.10.06"]
[SourceVersion "1"]
[SourceVersionDate "2021.10.06"]
[SourceQuality "1"]

1. d4 Nf6 2. c4 e6 3. Nc3 Bb4 4. a3 Bxc3+ 5. bxc3 c5 6. e3 0-0 7. Bd3 b6 8. f4 Bb7 9. Nf3 Ne4 10. 0-0 f5 11. Qc2 d6 12. Nd2 Nxd2 13. Bxd2 Nd7 14. Be1 Nf6 15. Bh4 Qc7 16. Bxf6 Rxf6 17. d5 exd5 18. Bxf5 dxc4 19. Bxh7+ Kh8 20. Be4 Re8 21. Bxb7 Qxb7 22. Rae1 b5 23. Rf3 Kg8 24. Rh3 Qe4 25. Qe2 d5 26. Qh5 Rh6 27. Qf3 Rxh3 28. Qxh3 d4 29. cxd4 cxd4 30. Qd7 dxe3 31. Qxb5 e2 32. h3 Re6 33. Qb8+ Kh7 34. Qxa7 Qxf4 35. Qc5 Re5 36. Qf2 Qe4 37. a4 c3 38. a5 c2 39. a6 c1Q 40. Rxc1 e1Q+ 41. Rxe1 Qxe1+ 42. Qxe1 Rxe1+ 43. Kf2 Ra1 0-1

[Event "Campinas Labegalini Memoria 16th"]
[Site "Campinas"]
[Date "2009.08.09"]
[Round "4"]
[White "Nolasco de Moraes, Vitor"]
[Black "Freitas, Romeu Salvador"]
[Result "0-1"]
[WhiteElo "1900"]
[BlackElo "2204"]
[PlyCount "108"]
[EventDate "2009.08.07"]
[EventType "tourn"]
[EventRounds "11"]
[EventCountry "BRA"]
[SourceTitle "EXT 2022"]
[Source "ChessBase"]
[SourceDate "2021.10.06"]
[SourceVersion "1"]
[SourceVersionDate "2021.10.06"]
[SourceQuality "1"]

1. e4 e5 2. Nf3 Nc6 3. Bb5 a6 4. Ba4 Nf6 5. 0-0 Be7 6. Re1 b5 7. Bb3 d6 8. h3 0-0 9. c3 Na5 10. Bc2 c5 11. d4 Qc7 12. dxe5 dxe5 13. Bg5 Be6 14. Nbd2 Rfd8 15. Qe2 h6 16. Bh4 Nc6 17. b3 Nh5 18. Bxe7 Nf4 19. Qe3 Qxe7 20. Nf1 Rd7 21. Rad1 Rad8 22. Ng3 b4 23. Kh2 Rxd1 24. Rxd1 Rxd1 25. Bxd1 Qd6 26. Be2 a5 27. Bb5 Na7 28. Be2 Kh7 29. cxb4 axb4 30. Qd2 Qxd2 31. Nxd2 Nc6 32. Bc4 Bxc4 33. Nxc4 Nd3 34. f3 Nc1 35. Nf5 Nxa2 36. Nfd6 Nc1 37. Nxf7 Nxb3 38. Kg1 Kg8 39. Nfd6 Nba5 40. Kf1 Kf8 41. Ke1 Ke7 42. Kd1 Ke6 43. h4 Nxc4 44. Nxc4 Nd4 45. Kd2 Nb5 46. Kc2 Nd6 47. Nb6 c4 48. Nd5 b3+ 49. Kb2 Kd7 50. h5 Kc6 51. g3 Kc5 52. Ne3 Kd4 53. Nd5 Kd3 54. g4 Kd2 0-1